000 00934nam a22002537i 4500
999 _c22713
_d22713
003 AR-CdUCM
008 231006b20212021pe o|||| |||| 001 0 spa d
040 _aMUNICIPALIDAD PROVINCIAL DEL CUSCO
_cBIBLIOTECA MUNICIPAL DEL CUSCO
041 _hspa
082 _a398.20985 / T15
_bT15
100 _aTaype Haqquehua, Eugenio
_948938
245 _aCuentos, Costumbres, Tradiciones Andinas /
260 _aCusco :
_c2021.
300 _a104 páginas. :
_c21 cm.
500 _zBibliografía: página 105
505 _aEl manto sagrado del inca -- La flor de cala -- El padre ambicioso -- Pago a la tierra -- La ofrenda a los muertos -- Los carnavales -- Trigo eran.
650 _aManto sagrado
_949113
650 _a La hoja y el manto sagrado
_949114
650 _aCorte del primer cabello
_949115
650 _aLa wathia
_949116
650 _aSalvación del condenado
_949117
942 _2ddc
_cLIBROS
945 _apebm
_d2032-10-06